| Поле | Инд. | ПП | Название | Значение |
|---|---|---|---|---|
| Тип записи | a | |||
| Библиографический уровень | m | |||
| 001 | Контрольный номер | 61457e81-23b0-4f57-aaef-5db2b84079af | ||
| 005 | Дата корректировки | 20140226124351.3 | ||
| 008 | Кодируемые данные | 960430 d | ||
| 020 | c | Цена, тираж | 3000.00 | |
| 080 | a | Индекс УДК | 539.19(075.8) | |
| 084 | a | Индекс другой классификации/Индекс ББК | В36я731-1 | |
| 090 | c | Каталожный индекс | В36я731-1 | |
| x | Авторский знак | Щ61 | ||
| a | Полочн. индекс | В36 | ||
| 100 | 1_ | a | Автор | Щербаков Л М |
| 245 | 00 | a | Заглавие | Избранные главы молекулярной физики |
| b | Продолж. заглавия | Соврем. подход к термодинамике и стат. физике : Учеб. пособие | ||
| c | Ответственность | Л.М. Щербаков, В.М. Самсонов; Твер. гос. ун-т | ||
| 260 | 0_ | a | Место издания | Тверь |
| c | Дата издания | 1995 | ||
| 300 | a | Объем | 95 с. | |
| 504 | a | Библиография | Библиогр.: с.93-94 | |
| 650 | a | Основная рубрика | Молекулярная физика | |
| x | Основная подрубрика | Учебники для вузов | ||
| 653 | a | Ключевые слова | Молекулярная физика | |
| a | Ключевые слова | Учебники | ||
| 700 | 1_ | a | Другие авторы | Самсонов В М |
| 852 | p | Инвентарный номер | 665927, 665928, 929, 930, 931, 932, 933, 934. 935, 936 | |
| 930 | a | Новая/Ретро | Учебники | |
| 952 | c | Вид литературы | К ру | |
| 954 | a | Дата поступления на обработку | 12.09.95 | |
| 999 | a | Подразделение 2 | ч.з., Фил3 |